| 000 | 00493nam a2200205Ia 4500 | ||
|---|---|---|---|
| 008 | 170918s9999 xx 000 0 und d | ||
| 020 | _a9780516298122 | ||
| 050 | _bS245 2006 | ||
| 100 | _aSargent, Brian | ||
| 245 | _aHow much does it hold? / | ||
| 245 | _cBrian Sargent. | ||
| 260 | _aNew York : | ||
| 260 | _bScholastic, | ||
| 260 | _c2006 | ||
| 300 | _a31 pages : | ||
| 300 | _bcolored illustration ; | ||
| 300 | _c15cm. | ||
| 440 | _aRookie read-about math. | ||
| 500 | _a280 | ||
| 999 |
_c341122 _d341122 |
||